000 00463nab a2200145Ia 4500
003 ES-SlBCS
005 20210601124323.0
008 140529s1992 xxu||||| |||| 00| 0 eng d
041 _aeng
100 1 _aBeatty, Joseph
_9132761
245 0 0 _aFor Honor's Sake: Moral Education, Honor Systems, and the Informer-rule
_c Joseph Beatty
650 0 4 _aEducación Moral
_996357
773 0 _tEducational Theory
_gvol. 42, nº. 1, 1992, págs. 39-50
_wRev1399
942 _cAR
999 _c512895
_d512895